Derechos fundamentales y relaciones laborales (Record no. 137485)
[ view plain ]
| 000 -LEADER | |
|---|---|
| fixed length control field | 00860cam a2200193 4500 |
| 005 - DATE AND TIME OF LATEST TRANSACTION | |
| control field | 20260226081318.0 |
| 008 - FIXED-LENGTH DATA ELEMENTS--GENERAL INFORMATION | |
| fixed length control field | 051111s2004 ag 000 0 spa u |
| 020 ## - INTERNATIONAL STANDARD BOOK NUMBER | |
| International Standard Book Number | 9505086733 |
| 050 04 - LIBRARY OF CONGRESS CALL NUMBER | |
| Classification number | KHA1789 |
| Item number | R63 2004 |
| 100 1# - MAIN ENTRY--PERSONAL NAME | |
| Personal name | Rodríguez Mancini, Jorge |
| 245 10 - TITLE STATEMENT | |
| Title | Derechos fundamentales y relaciones laborales |
| Remainder of title | : Incidencia en las relaciones individuales y colectivas, Derechos específicos, inespecíficos y laboralizados, Discriminación, Tratados internacionales, Convenios de la OIT, Normas del Mercosur |
| Statement of responsibility, etc | / Jorge Rodríguez Mancini |
| 250 ## - EDITION STATEMENT | |
| Edition statement | 1a ed. |
| 260 ## - PUBLICATION, DISTRIBUTION, ETC. (IMPRINT) | |
| Place of publication, distribution, etc | Buenos Aires : |
| Name of publisher, distributor, etc | Astrea de Alfredo y Ricardo Depalma, |
| Date of publication, distribution, etc | 2004 |
| 300 ## - PHYSICAL DESCRIPTION | |
| Extent | xxiii, 372 p. ; |
| Dimensions | 20 cm. |
| 504 ## - BIBLIOGRAPHY, ETC. NOTE | |
| Bibliography, etc | Incluye apendice, anexos, bibliografía : p. 365-372 |
| 506 ## - RESTRICTIONS ON ACCESS NOTE | |
| Terms governing access | Pifi 3.1 |
| 650 #7 - SUBJECT ADDED ENTRY--TOPICAL TERM | |
| Source of heading or term | lemb |
| Topical term or geographic name as entry element | Derecho laboral |
| General subdivision | Legislación |
| Geographic subdivision | Argentina |
| 942 ## - ADDED ENTRY ELEMENTS (KOHA) | |
| Source of classification or shelving scheme | Biblioteca del Cogreso de los Estados Unidos |
| Koha item type | Libro |
| Estado de pérdida | Fuente de clasificación | Estado del daño | No para préstamo | Ubicación permanente | Ubicación actual | Apartado o colección | Fecha de adquisición | Edición | Área del conocimiento | Total Checkouts | Clasificación | Código de Barras | Date last seen | Número de copia | Costo por reposición | Tipo de recurso |
|---|---|---|---|---|---|---|---|---|---|---|---|---|---|---|---|---|
| Biblioteca del Cogreso de los Estados Unidos | Biblioteca de la Facultad de Derecho y Ciencias Sociales "Felipe J. Tena" | Biblioteca de la Facultad de Derecho y Ciencias Sociales "Felipe J. Tena" | General | 05/07/2021 | 1a ed. | Ciencias Sociales y Administrativas | KHA1789 R63 2004 | BFD000012468 | 05/07/2021 | 1 | 1.00 | Libro |